| 000 | 00824cam a2200205 i 4500 | ||
|---|---|---|---|
| 005 | 20260128112917.0 | ||
| 008 | 250721s1991 ua gr 000 0 ara d | ||
| 082 | 1 | 4 |
_a364.17 _bع ب د |
| 100 | 1 |
_aغانم، عبد الله عبد الغني _eمؤلف. |
|
| 245 | 1 | 2 |
_aالمرأة وتجارة المخدرات : _bدراسة في انثروبولوجيا الجريمة / _cتأليف دكتور/ عبدالله عبدالغني غانم. |
| 264 | 3 | 1 |
_aالإسكندرية : _bالمكتب الجامعي الحديث، _c1991. |
| 300 | _a368 صفحة. | ||
| 490 | 0 |
_aجرائم النساء ؛ _vرقم ثلاثة. |
|
| 650 | 1 | 7 | _aالمخدرات. |
| 650 | 1 | 7 | _aالجريمة. |
| 650 | 1 | 7 | _aالمجرمون. |
| 830 | 0 | _aجرائم النساء. | |
| 942 |
_2ddc _cBK |
||
| 999 |
_c20860 _d20860 |
||